| 000 | 00617nam a2200169 i 4500 | ||
|---|---|---|---|
| 001 | 115651 | ||
| 003 | ES-MaACL | ||
| 005 | 20230906190526.0 | ||
| 008 | 070423s1905 sp |||| | spa d | ||
| 100 | 1 |
_aGonzález Tánago y García, Manuel. _958978 |
|
| 245 | 1 | 0 |
_aTrastornos dispépsicos en las inflamaciones del riñón _b: (pielitis, pielonefritis, etc.) / _cpor M. González Tánago. |
| 260 |
_aMadrid : _b[s.n.], _c1905 ( _fEst. tip. de E. Teodoro) |
||
| 300 |
_a26 p. ; _c20 cm. |
||
| 595 | _aExtraído de "El Siglo médico" | ||
| 650 | 0 | 4 |
_aRiñones- _xEnfermedades. _916914 |
| 852 |
_aES-MaACL _jT-150 bis-F-2 |
||
| 999 |
_c115651 _d115651 |
||